Thinkwell's economics

This optional CD set contains all course lectures. The content includes Introduction to economic thinking ; Understanding markets; Consumer choice and household behavior; Production and costs

Guardado en:
Detalles Bibliográficos
Autor principal: Tomlinson, Steven
Formato: Libro
Lenguaje:Undetermined
Publicado: [Austin, Tex.] Thinkwell 2007
Materias:
Etiquetas: Agregar Etiqueta
Sin Etiquetas, Sea el primero en etiquetar este registro!
Thư viện lưu trữ: Trung tâm Học liệu Trường Đại học Cần Thơ
LEADER 00714nam a2200205Ia 4500
001 CTU_102453
008 210402s9999 xx 000 0 und d
020 |c 19.19 
082 |a 330 
082 |b T659/Dis.1 
100 |a Tomlinson, Steven 
245 0 |a Thinkwell's economics 
245 0 |c Steven Tomlinson 
260 |a [Austin, Tex.] 
260 |b Thinkwell 
260 |c 2007 
520 |a This optional CD set contains all course lectures. The content includes Introduction to economic thinking ; Understanding markets; Consumer choice and household behavior; Production and costs 
650 |a Economics,Economics 
904 |i M.Loan, H. Mai 
980 |a Trung tâm Học liệu Trường Đại học Cần Thơ